000 00815nam a2200217 a 4500
001 000043103
005 20201002040636.0
008 140219s2000 sp 000 0 spa d
020 _a8472328570
040 _aDO-SdBNP
_bspa
_cBNPHU
100 1 _aBustelo, Pablo
_929017
245 1 0 _aCrisis Financieras en Economías Emergentes :
_benseñanzas de Asía Oriental /
_cPablo Bustelo, Clara García, Iliana Olivié; prólogo Carlos Berzosa.
260 _aMadrid :
_bAgencia Española de Cooperación Internacional,
_c2000.
490 1 _aCooperación al desarrollo
500 _aIncluye notas a pie de páginas
504 _aBibliografía p: 191-205
700 1 2 _aGarcía, Clara
_970630
700 1 2 _aOlivié, Iliana
_970631
700 1 2 _aBerzosa, Carlos
_eprol.
_970632
830 0 _aCooperación al desarrollo
_970633
999 _c42592
_d42592